[Event "31. Torneo San Viator 2019 - Grupo B"]
[Site "Madrid ESP"]
[Date "2019.10.06"]
[Round "4.23"]
[White "Campos Calderon, David"]
[Black "Perez Ramos, Miguel Angel"]
[Result "1-0"]
[WhiteElo "1549"]
[BlackElo "1128"]
[PlyCount "97"]
[EventDate "2019.09.08"]
[EventType "swiss"]
[EventRounds "9"]
[EventCountry "ESP"]
[SourceTitle "Ajedrez en Madrid"]
[Source "lmi"]
[SourceDate "2019.09.08"]
[SourceVersion "1"]
[SourceVersionDate "2019.10.29"]
[SourceQuality "1"]

1. d4 Nf6 2. c4 d5 3. Nc3 e6 4. cxd5 exd5 5. Bg5 Be7 6. e3 a6 7. Bd3 Bd7 8. h3
c6 9. Qc2 Be6 10. Nf3 Nbd7 11. O-O Qc7 12. Rab1 b5 13. Ne2 Bd6 14. Rfc1 c5 15.
dxc5 Bxc5 16. b4 h6 17. Bxf6 gxf6 18. bxc5 Rc8 19. c6 Nb6 20. Ned4 Nc4 21. Bxc4
dxc4 22. Nxe6 fxe6 23. Qg6+ Qf7 24. Qxf7+ Kxf7 25. a4 Rxc6 26. axb5 axb5 27.
Rxb5 Rhc8 28. Rb4 e5 29. Rc3 Ke6 30. e4 f5 31. Nd2 fxe4 32. Rbxc4 Kd5 33. Rxc6
Rxc6 34. Rxc6 Kxc6 35. Nxe4 Kd5 36. f3 Kd4 37. g4 Ke3 38. Kg2 Kf4 39. h4 h5 40.
gxh5 Kf5 41. Kg3 Ke6 42. Kg4 Kf7 43. Kg5 Kg7 44. Kf5 Kh6 45. Kxe5 Kxh5 46. Ke6
Kxh4 47. f4 Kg4 48. f5 Kh5 49. f6 1-0

[Event "31. Torneo San Viator 2019 - Grupo B"]
[Site "Madrid ESP"]
[Date "2019.10.06"]
[Round "4.24"]
[White "Hernandez Tadeo, Gabriel"]
[Black "Lavado Peña, David"]
[Result "0-1"]
[WhiteElo "1511"]
[BlackElo "1184"]
[PlyCount "58"]
[EventDate "2019.09.08"]
[EventType "swiss"]
[EventRounds "9"]
[EventCountry "ESP"]
[SourceTitle "Ajedrez en Madrid"]
[Source "lmi"]
[SourceDate "2019.09.08"]
[SourceVersion "1"]
[SourceVersionDate "2019.10.29"]
[SourceQuality "1"]

1. e4 c5 2. Nf3 Nc6 3. d4 cxd4 4. Nxd4 g6 5. c4 Bg7 6. Be3 Nf6 7. Nc3 O-O 8.
Be2 e6 9. f4 d5 10. e5 Ne8 11. cxd5 exd5 12. Bf3 Nc7 13. Ndb5 Nxb5 14. Nxb5 a6
15. Nd6 Ne7 16. O-O Be6 17. Bg4 Qd7 18. Bxe6 fxe6 19. Rc1 Nc6 20. Bb6 g5 21.
Qd2 gxf4 22. Rxf4 Bxe5 23. Rg4+ Kh8 24. Rxc6 Qxc6 25. Bd4 Qxd6 26. Qc3 Bxd4+
27. Qxd4+ e5 28. Qe3 Qf6 29. Qg3 Qf1# 0-1

[Event "31. Torneo San Viator 2019 - Grupo B"]
[Site "Madrid ESP"]
[Date "2019.10.06"]
[Round "4.25"]
[White "Perales Hernandez, Manuel"]
[Black "Gallego Romero, Manuel"]
[Result "0-1"]
[WhiteElo "1324"]
[BlackElo "1421"]
[PlyCount "114"]
[EventDate "2019.09.08"]
[EventType "swiss"]
[EventRounds "9"]
[EventCountry "ESP"]
[SourceTitle "Ajedrez en Madrid"]
[Source "lmi"]
[SourceDate "2019.09.08"]
[SourceVersion "1"]
[SourceVersionDate "2019.10.29"]
[SourceQuality "1"]

1. e4 e5 2. Bc4 Nf6 3. Nf3 Nc6 4. Ng5 d5 5. exd5 Nxd5 6. Qf3 Qxg5 7. Bxd5 Qg6
8. Bxc6+ Qxc6 9. Qxc6+ bxc6 10. O-O Bc5 11. Re1 f6 12. c3 O-O 13. b4 Bb6 14. a4
a6 15. a5 Ba7 16. Ba3 Re8 17. d4 Bf5 18. Nd2 exd4 19. cxd4 Bxd4 20. Rac1 Rxe1+
21. Rxe1 Bc3 22. Rd1 Rd8 23. h3 Rxd2 24. Rc1 Be5 25. Re1 Be6 26. Bc1 Ra2 27.
Be3 Bd5 28. f3 Bc3 29. Rb1 Ra1 30. Rxa1 Bxa1 31. Bd2 Kf7 32. Kf1 Bc4+ 33. Ke1
Ke6 34. Kf2 Kd5 35. Kg3 Kd4 36. Bf4 Kc3 37. Bxc7 Kxb4 38. Kf4 Be5+ 39. Bxe5
fxe5+ 40. Kxe5 Kxa5 41. Kd6 Kb5 42. g4 a5 43. h4 a4 44. h5 Be2 45. f4 Bxg4 46.
Ke7 Bxh5 47. Kf8 a3 48. Kxg7 Bg6 49. Kf6 a2 50. f5 a1=Q+ 51. Kg5 Qc1+ 52. Kf6
Qf1 53. Kg7 Qxf5 54. Kh6 Qf4+ 55. Kg7 c5 56. Kg8 Qf7+ 57. Kh8 Qf8# 0-1

[Event "31. Torneo San Viator 2019 - Grupo B"]
[Site "Madrid ESP"]
[Date "2019.10.06"]
[Round "4.26"]
[White "Garcia Serrano, Alfredo"]
[Black "Torrecillas Adan, Luis"]
[Result "0-1"]
[WhiteElo "1034"]
[BlackElo "1400"]
[PlyCount "86"]
[EventDate "2019.09.08"]
[EventType "swiss"]
[EventRounds "9"]
[EventCountry "ESP"]
[SourceTitle "Ajedrez en Madrid"]
[Source "lmi"]
[SourceDate "2019.09.08"]
[SourceVersion "1"]
[SourceVersionDate "2019.10.29"]
[SourceQuality "1"]

1. e4 e5 2. Nf3 d6 3. d3 Nf6 4. Nc3 a6 5. g3 Be7 6. b3 O-O 7. Bb2 Nc6 8. a4 h6
9. Bg2 Bg4 10. Qd2 Nh7 11. d4 Bxf3 12. Bxf3 Nxd4 13. Bg2 Ng5 14. O-O Ngf3+ 15.
Bxf3 Nxf3+ 16. Kg2 Nxd2 17. Rfe1 Bg5 18. Rad1 Qf6 19. Bc1 Nf3 20. Bxg5 Nxg5 21.
Nd5 Qd8 22. c4 c6 23. Ne3 Nxe4 24. Rd3 Nc5 25. Rc3 Qa5 26. Rec1 Qb6 27. Rb1 Ne4
28. c5 Nxc5 29. Nf5 Ne4 30. Rf3 Nd2 31. Nxd6 Nxb1 32. h4 c5 33. Ne4 Qc6 34. Kh3
Qxe4 35. Re3 Qf5+ 36. Kg2 Rad8 37. Re2 Rd2 38. Rxd2 Nxd2 39. f3 Qxf3+ 40. Kh3
Rd8 41. Kh2 Nxb3 42. g4 Rd2+ 43. Kg1 Qg2# 0-1

[Event "31. Torneo San Viator 2019 - Grupo B"]
[Site "Madrid ESP"]
[Date "2019.10.06"]
[Round "4.28"]
[White "Mora Gonzalez-Rojas, Francisco"]
[Black "Bergas Moreno, Francisco J"]
[Result "0-1"]
[WhiteElo "1244"]
[BlackElo "1325"]
[PlyCount "146"]
[EventDate "2019.09.08"]
[EventType "swiss"]
[EventRounds "9"]
[EventCountry "ESP"]
[SourceTitle "Ajedrez en Madrid"]
[Source "lmi"]
[SourceDate "2019.09.08"]
[SourceVersion "1"]
[SourceVersionDate "2019.10.29"]
[SourceQuality "1"]

1. d4 Nf6 2. d5 d6 3. Nc3 Bf5 4. Bf4 Nbd7 5. Nf3 Nc5 6. e3 a6 7. Bc4 h6 8. O-O
b5 9. Be2 Qc8 10. Nd4 Bd7 11. Bf3 b4 12. Nce2 Nce4 13. c4 c5 14. Nc2 a5 15. Ng3
Nxg3 16. Bxg3 Bg4 17. Bxg4 Qxg4 18. Qxg4 Nxg4 19. e4 Nf6 20. e5 Ne4 21. exd6
Nxd6 22. Bxd6 exd6 23. Rfe1+ Kd7 24. Re4 Be7 25. Rae1 Bf6 26. b3 Rae8 27. Rxe8
Rxe8 28. Rxe8 Kxe8 29. f4 g6 30. g4 Kd7 31. Kf2 Bg7 32. Ke3 f5 33. h3 Bf6 34.
Kf3 Ke7 35. gxf5 Kf7 36. fxg6+ Kxg6 37. Kg4 h5+ 38. Kf3 Kf5 39. Ne3+ Kg6 40.
Kg3 Be7 41. h4 Bf6 42. f5+ Kf7 43. Ng2 Be5+ 44. Kf3 Kf6 45. Ke4 Bg3 46. Nf4
Bxh4 47. Nxh5+ Kf7 48. Kf4 Bd8 49. f6 Bxf6 50. Nxf6 Kxf6 51. Ke4 Kg5 52. Ke3
Kf5 53. Kd3 Kf4 54. Kc2 Ke3 55. Kb2 Kd3 56. a3 Kd2 57. axb4 axb4 58. Ka1 Kc2
59. Ka2 Kc3 60. Kb1 Kxb3 61. Kc1 Kxc4 62. Kb2 Kxd5 63. Kb3 Kd4 64. Kb2 Kc4 65.
Kc2 d5 66. Kc1 Kc3 67. Kb1 d4 68. Kc1 d3 69. Kd1 b3 70. Kc1 b2+ 71. Kb1 d2 72.
Ka2 d1=Q 73. Ka3 Qa1# 0-1

[Event "31. Torneo San Viator 2019 - Grupo B"]
[Site "Madrid ESP"]
[Date "2019.10.06"]
[Round "4.33"]
[White "Lopez Ortega, Ivan"]
[Black "Acebes Moran, Roberto"]
[Result "0-1"]
[WhiteElo "1002"]
[BlackElo "1034"]
[PlyCount "92"]
[EventDate "2019.09.08"]
[EventType "swiss"]
[EventRounds "9"]
[EventCountry "ESP"]
[SourceTitle "Ajedrez en Madrid"]
[Source "lmi"]
[SourceDate "2019.09.08"]
[SourceVersion "1"]
[SourceVersionDate "2019.10.29"]
[SourceQuality "1"]

1. d4 d5 2. c4 e6 3. Nc3 Bb4 4. Bd2 Bxc3 5. Bxc3 Nf6 6. Nf3 O-O 7. g3 Nc6 8.
Bg2 dxc4 9. O-O b6 10. Qa4 Bb7 11. Qxc4 Nd5 12. e3 Nxc3 13. bxc3 Qd5 14. Nd2
Qxc4 15. Nxc4 Ba6 16. Bxc6 Rab8 17. Rfd1 Bxc4 18. d5 exd5 19. Bxd5 Bxd5 20.
Rxd5 Rfd8 21. Rad1 Rxd5 22. Rxd5 a5 23. a4 h6 24. Rd7 Rc8 25. f4 c5 26. Rb7 Rc6
27. Rb8+ Kh7 28. g4 Re6 29. Kf2 g5 30. fxg5 hxg5 31. Ke2 Kg6 32. Rg8+ Kh7 33.
Rxg5 Kh6 34. Rf5 Kg6 35. Rf4 Kg5 36. Kf3 Re5 37. e4 c4 38. Kg3 b5 39. h4+ Kh6
40. Rf6+ Kg7 41. Ra6 bxa4 42. Ra7 Kf8 43. Ra8+ Kg7 44. Ra7 Kg8 45. Ra8+ Kg7 46.
Rb8 Rxe4 0-1

[Event "31. Torneo San Viator 2019 - Grupo B"]
[Site "Madrid ESP"]
[Date "2019.10.13"]
[Round "5.1"]
[White "Del Noval Nemeshazi, Mario"]
[Black "Arias Cusio, Oscar"]
[Result "0-1"]
[WhiteElo "1577"]
[BlackElo "1690"]
[PlyCount "82"]
[EventDate "2019.09.08"]
[EventType "swiss"]
[EventRounds "9"]
[EventCountry "ESP"]
[SourceTitle "Ajedrez en Madrid"]
[Source "lmi"]
[SourceDate "2019.09.08"]
[SourceVersion "1"]
[SourceVersionDate "2019.10.29"]
[SourceQuality "1"]

1. e4 e6 2. d4 d5 3. e5 c5 4. c3 Bd7 5. Nf3 Nc6 6. a3 Rc8 7. b4 cxd4 8. cxd4
Nge7 9. Bb2 Nf5 10. Nc3 Qb6 11. Na4 Qd8 12. Nc5 Bxc5 13. bxc5 O-O 14. Bd3 Qa5+
15. Qd2 Qxd2+ 16. Kxd2 f6 17. exf6 Rxf6 18. Bb5 Nfe7 19. Rhf1 a6 20. Ba4 Be8
21. Bc3 Bh5 22. Rab1 Rc7 23. Ne5 Nxe5 24. dxe5 Rf4 25. Rb4 Rxb4 26. axb4 Nf5
27. h3 Bg6 28. g4 Nh4 29. f4 Be4 30. Ke2 Bg2 31. Rg1 Bxh3 32. Rh1 Bxg4+ 33. Kd3
Ng6 34. Bd2 Bf3 35. Ra1 Kf8 36. b5 Be4+ 37. Kd4 Nh4 38. Ba5 Nf5+ 39. Kc3 Rxc5+
40. Kb2 Rc8 41. Bb4+ Kf7 0-1

[Event "31. Torneo San Viator 2019 - Grupo B"]
[Site "Madrid ESP"]
[Date "2019.10.13"]
[Round "5.2"]
[White "Jimenez Gonzalez, Marcos"]
[Black "Rey Martinez, Jaime"]
[Result "1-0"]
[WhiteElo "1732"]
[BlackElo "1564"]
[PlyCount "89"]
[EventDate "2019.09.08"]
[EventType "swiss"]
[EventRounds "9"]
[EventCountry "ESP"]
[SourceTitle "Ajedrez en Madrid"]
[Source "lmi"]
[SourceDate "2019.09.08"]
[SourceVersion "1"]
[SourceVersionDate "2019.10.29"]
[SourceQuality "1"]

1. d4 d5 2. c4 c6 3. Nf3 Nf6 4. e3 g6 5. Nc3 Bg7 6. Bd3 O-O 7. O-O b6 8. cxd5
cxd5 9. Qe2 Bb7 10. Bd2 Re8 11. Rac1 a6 12. Ne5 Ne4 13. Nxe4 dxe4 14. Bc4 Bxe5
15. dxe5 Nc6 16. Bc3 b5 17. Rfd1 Qb6 18. Bd5 b4 19. Bxc6 Bxc6 20. Bd4 Qb7 21.
Rc5 Bb5 22. Qg4 e6 23. Qg5 Rac8 24. Rdc1 Rxc5 25. Rxc5 Rc8 26. h4 Qd7 27. Rxc8+
Qxc8 28. h5 h6 29. Qxh6 Qf8 30. Qxf8+ Kxf8 31. hxg6 fxg6 32. Bc5+ Ke8 33. Bxb4
Kd7 34. Kh2 Kc6 35. g4 Kd5 36. Bd6 g5 37. Be7 Kxe5 38. Bxg5 Kd5 39. Kg3 Bc4 40.
a3 Be2 41. Kh4 Kc4 42. Bf6 Kd3 43. g5 Kd2 44. g6 Bc4 45. Be5 1-0

[Event "31. Torneo San Viator 2019 - Grupo B"]
[Site "Madrid ESP"]
[Date "2019.10.13"]
[Round "5.3"]
[White "Arce Escobedo, Julio"]
[Black "Navarro Gonzalez, Jaime"]
[Result "0-1"]
[WhiteElo "1664"]
[BlackElo "1695"]
[PlyCount "88"]
[EventDate "2019.09.08"]
[EventType "swiss"]
[EventRounds "9"]
[EventCountry "ESP"]
[SourceTitle "Ajedrez en Madrid"]
[Source "lmi"]
[SourceDate "2019.09.08"]
[SourceVersion "1"]
[SourceVersionDate "2019.10.29"]
[SourceQuality "1"]

1. e4 e5 2. Nf3 Nc6 3. Bc4 Nf6 4. d3 Be7 5. O-O d6 6. h3 Na5 7. Nbd2 Nxc4 8.
Nxc4 O-O 9. b3 h6 10. Bb2 Be6 11. Ne3 Qd7 12. c3 Rad8 13. Re1 Nh7 14. Qc2 f5
15. exf5 Bxf5 16. Nxf5 Qxf5 17. Re2 Ng5 18. Nxg5 Bxg5 19. c4 c5 20. Re4 Rf7 21.
Rae1 Rdf8 22. f3 Bf4 23. Bc1 Qg5 24. Bxf4 Rxf4 25. Rxf4 Rxf4 26. Kh1 Kf7 27.
Re4 Kf6 28. Rxf4+ Qxf4 29. Qe2 h5 30. Kg1 Qd4+ 31. Kh2 h4 32. g3 hxg3+ 33. Kxg3
Kg5 34. Kh2 Kf4 35. Qg2 Qxd3 36. Qg4+ Ke3 37. Qxg7 Qe2+ 38. Kh1 Qxf3+ 39. Kh2
Kd3 40. Qg3 Qxg3+ 41. Kxg3 e4 42. h4 e3 43. h5 e2 44. Kf2 Kd2 0-1

[Event "31. Torneo San Viator 2019 - Grupo B"]
[Site "Madrid ESP"]
[Date "2019.10.13"]
[Round "5.4"]
[White "Perez Segoviano, Agustin"]
[Black "Caamaño Jimenez, Luis"]
[Result "0-1"]
[WhiteElo "1481"]
[BlackElo "1699"]
[PlyCount "72"]
[EventDate "2019.09.08"]
[EventType "swiss"]
[EventRounds "9"]
[EventCountry "ESP"]
[SourceTitle "Ajedrez en Madrid"]
[Source "lmi"]
[SourceDate "2019.09.08"]
[SourceVersion "1"]
[SourceVersionDate "2019.10.29"]
[SourceQuality "1"]

1. c4 c5 2. Nf3 Nf6 3. Nc3 Nc6 4. e4 g6 5. g3 Bg7 6. Bg2 d6 7. O-O O-O 8. d3
Bg4 9. Be3 Ne5 10. h3 Bxf3 11. Bxf3 Nxf3+ 12. Qxf3 Qc8 13. Kg2 e6 14. Rab1 Nd7
15. Qd1 Qc6 16. Kh2 f5 17. f3 b6 18. Qa4 Qxa4 19. Nxa4 Ne5 20. f4 Nc6 21. Nc3
Rad8 22. a3 Bxc3 23. bxc3 fxe4 24. dxe4 Na5 25. a4 Nxc4 26. Rfe1 e5 27. fxe5
dxe5 28. h4 Kg7 29. Kg2 Rd3 30. Bg1 Rfd8 31. Kh3 Rxc3 32. Kg4 h5+ 33. Kh3 Rdd3
34. Bh2 Nd2 35. Rb2 Nf3 36. a5 Nxe1 0-1

[Event "31. Torneo San Viator 2019 - Grupo B"]
[Site "Madrid ESP"]
[Date "2019.10.13"]
[Round "5.5"]
[White "Arribas Lopez, Sara"]
[Black "Cortijo Manso, Luis"]
[Result "1-0"]
[WhiteElo "1661"]
[BlackElo "1454"]
[PlyCount "73"]
[EventDate "2019.09.08"]
[EventType "swiss"]
[EventRounds "9"]
[EventCountry "ESP"]
[SourceTitle "Ajedrez en Madrid"]
[Source "lmi"]
[SourceDate "2019.09.08"]
[SourceVersion "1"]
[SourceVersionDate "2019.10.29"]
[SourceQuality "1"]

1. e4 e6 2. d4 d5 3. e5 c5 4. Qg4 cxd4 5. Bd3 h5 6. Qg3 h4 7. Qg4 Nh6 8. Bxh6
Rxh6 9. a3 Nc6 10. Nf3 f6 11. Bg6+ Kd7 12. exf6 Qxf6 13. Bd3 Kc7 14. Qg5 Be7
15. Qxf6 Bxf6 16. Nbd2 e5 17. Bb5 e4 18. Bxc6 Kxc6 19. Ng1 Bf5 20. Nb3 b6 21.
Ne2 d3 22. Ned4+ Kb7 23. Nxf5 Rg6 24. c3 Rxg2 25. Ne3 Rg6 26. Nxd5 Bd8 27. Nd2
Re6 28. Rg1 g5 29. Rg4 Re5 30. Ne3 Bc7 31. Rxe4 Rae8 32. Rxe5 Bxe5 33. Nf3 Bf4
34. Kd2 g4 35. Nxh4 Bxh2 36. Kxd3 Bf4 37. Nhg2 1-0

[Event "31. Torneo San Viator 2019 - Grupo B"]
[Site "Madrid ESP"]
[Date "2019.10.13"]
[Round "5.6"]
[White "Alcojor Patilla, Antonio"]
[Black "Giron Herranz, Juan"]
[Result "0-1"]
[WhiteElo "1602"]
[BlackElo "1439"]
[PlyCount "62"]
[EventDate "2019.09.08"]
[EventType "swiss"]
[EventRounds "9"]
[EventCountry "ESP"]
[SourceTitle "Ajedrez en Madrid"]
[Source "lmi"]
[SourceDate "2019.09.08"]
[SourceVersion "1"]
[SourceVersionDate "2019.10.29"]
[SourceQuality "1"]

1. e4 c5 2. Nf3 d6 3. d4 cxd4 4. Nxd4 Nc6 5. Nc3 a6 6. Be3 Nf6 7. f3 e6 8. Qd2
Be7 9. O-O-O O-O 10. g4 Qc7 11. g5 Nd7 12. h4 Nc5 13. h5 b5 14. g6 fxg6 15.
hxg6 hxg6 16. Qg2 b4 17. Nb1 Nxd4 18. Bxd4 b3 19. Bxc5 bxa2 20. Bd4 Qa5 21. Rg1
Bf6 22. Qxg6 Bxd4 23. Rxd4 Qe1+ 24. Rd1 axb1=Q+ 25. Kxb1 Qxd1+ 26. Ka2 Qd4 27.
c3 Qf6 28. Qg3 e5 29. Bc4+ Be6 30. Bxe6+ Qxe6+ 31. Kb1 Qf6 0-1

[Event "31. Torneo San Viator 2019 - Grupo B"]
[Site "Madrid ESP"]
[Date "2019.10.13"]
[Round "5.7"]
[White "Rojo Jorge, Angel"]
[Black "Merino Araguas, Jose Javier"]
[Result "0-1"]
[WhiteElo "1445"]
[BlackElo "1701"]
[PlyCount "104"]
[EventDate "2019.09.08"]
[EventType "swiss"]
[EventRounds "9"]
[EventCountry "ESP"]
[SourceTitle "Ajedrez en Madrid"]
[Source "lmi"]
[SourceDate "2019.09.08"]
[SourceVersion "1"]
[SourceVersionDate "2019.10.29"]
[SourceQuality "1"]

1. Nf3 d6 2. c4 e5 3. g3 f5 4. d3 Nf6 5. Bg2 Be7 6. O-O O-O 7. Nc3 Qe8 8. b4 a5
9. b5 Nbd7 10. Nd2 Nb6 11. a4 Nh5 12. Qb3 Kh8 13. Ba3 f4 14. Nde4 Be6 15. Qc2
Nd7 16. Nd2 Rb8 17. Nd5 Bd8 18. c5 c6 19. Nc3 d5 20. Rab1 Be7 21. bxc6 bxc6 22.
Nb3 Qd8 23. Rb2 Qc7 24. Rfb1 Rb7 25. Qd2 Rfb8 26. Nd1 Kg8 27. d4 Bf5 28. e4
fxe3 29. Qxe3 Bxb1 30. Rxb1 exd4 31. Qxe7 Rxb3 32. Rxb3 Rxb3 33. Bh3 Nhf6 34.
Be6+ Kh8 35. Bc1 Rb8 36. Bg5 Re8 37. Qf7 Rf8 38. Qe7 Qd8 39. Qd6 Qe8 40. Qxc6
h6 41. Bf4 Qc8 42. Qd6 Re8 43. Be5 Qb8 44. Bxd7 Nxd7 45. Qxd5 Nxe5 46. Qxd4 Qd8
47. Qa1 Qd5 48. Qc1 Rc8 49. Ne3 Qxc5 50. Qb2 Qc1+ 51. Qxc1 Rxc1+ 52. Kg2 Ra1
0-1

[Event "31. Torneo San Viator 2019 - Grupo B"]
[Site "Madrid ESP"]
[Date "2019.10.13"]
[Round "5.8"]
[White "Jimenez Alvaro, Angel"]
[Black "Fente Fernandez, Jose Ignacio"]
[Result "0-1"]
[WhiteElo "1618"]
[BlackElo "1410"]
[PlyCount "58"]
[EventDate "2019.09.08"]
[EventType "swiss"]
[EventRounds "9"]
[EventCountry "ESP"]
[SourceTitle "Ajedrez en Madrid"]
[Source "lmi"]
[SourceDate "2019.09.08"]
[SourceVersion "1"]
[SourceVersionDate "2019.10.29"]
[SourceQuality "1"]

1. d4 Nf6 2. Bf4 g6 3. e3 Bg7 4. Nf3 O-O 5. Be2 d6 6. O-O b6 7. Nbd2 Bb7 8. h3
Nbd7 9. a4 a5 10. c3 Re8 11. Rc1 e5 12. Bh2 Qe7 13. b4 exd4 14. cxd4 c5 15. b5
Rad8 16. Nc4 Ne4 17. d5 Qf6 18. Qd3 Nc3 19. Rxc3 Qxc3 20. Qxc3 Bxc3 21. Nxd6
Bxd5 22. Nxe8 Rxe8 23. Rd1 Nf6 24. Rd3 Bb4 25. Be5 Bxf3 26. Bxf6 Bxe2 27. Rd6
Rb8 28. Bd8 c4 29. Rxb6 Rxd8 0-1

[Event "31. Torneo San Viator 2019 - Grupo B"]
[Site "Madrid ESP"]
[Date "2019.10.13"]
[Round "5.9"]
[White "San Felipe Gonzalez, Tomas"]
[Black "Viñas Blasco, Jorge"]
[Result "1-0"]
[WhiteElo "1673"]
[BlackElo "1497"]
[PlyCount "113"]
[EventDate "2019.09.08"]
[EventType "swiss"]
[EventRounds "9"]
[EventCountry "ESP"]
[SourceTitle "Ajedrez en Madrid"]
[Source "lmi"]
[SourceDate "2019.09.08"]
[SourceVersion "1"]
[SourceVersionDate "2019.10.29"]
[SourceQuality "1"]

1. d4 Nf6 2. c4 c6 3. Nc3 d5 4. cxd5 cxd5 5. Bf4 Nc6 6. e3 Bf5 7. Rc1 Rc8 8. a3
g6 9. Be2 Bg7 10. h3 h5 11. Nf3 Be4 12. O-O Bxf3 13. Bxf3 O-O 14. b4 a6 15. Na4
b6 16. Be2 b5 17. Nc5 Qb6 18. Bg5 Rfd8 19. Bf3 Rc7 20. Qb3 e6 21. Bf4 Ra7 22.
Rc2 a5 23. Rfc1 axb4 24. axb4 Ne7 25. Be2 Ne8 26. Qd3 Nd6 27. Bxd6 Qxd6 28. Qb3
Qb6 29. Ra2 Rda8 30. Rca1 Rxa2 31. Rxa2 Rxa2 32. Qxa2 Nf5 33. Qa8+ Kh7 34. Qb7
Qxb7 35. Nxb7 Bf8 36. Nc5 Nd6 37. f3 Bg7 38. Kf2 Kg8 39. Na6 Bf8 40. Bd3 Be7
41. Ke2 Kf8 42. e4 dxe4 43. fxe4 Ke8 44. e5 Nf5 45. Bxb5+ Kd8 46. Kd3 h4 47.
Ba4 Ng7 48. Bc6 Kc8 49. b5 Bd8 50. Kc4 Bb6 51. d5 Ba7 52. d6 Kd8 53. Nc5 Bb6
54. Nb7+ Kc8 55. d7+ Kb8 56. d8=Q+ Bxd8 57. Nxd8 1-0

[Event "31. Torneo San Viator 2019 - Grupo B"]
[Site "Madrid ESP"]
[Date "2019.10.13"]
[Round "5.10"]
[White "Marcelo De La Mata, Daniel"]
[Black "Gregorio Guerrero, Ivan"]
[Result "1-0"]
[WhiteElo "1658"]
[BlackElo "1479"]
[PlyCount "69"]
[EventDate "2019.09.08"]
[EventType "swiss"]
[EventRounds "9"]
[EventCountry "ESP"]
[SourceTitle "Ajedrez en Madrid"]
[Source "lmi"]
[SourceDate "2019.09.08"]
[SourceVersion "1"]
[SourceVersionDate "2019.10.29"]
[SourceQuality "1"]

1. e4 e6 2. Qe2 d5 3. exd5 Qxd5 4. Nc3 Qd8 5. d4 Nf6 6. Nf3 c6 7. g3 Bd6 8. Bg2
O-O 9. O-O Nbd7 10. Bg5 Qc7 11. Rfe1 b6 12. Ne5 Bb7 13. Nc4 Ba6 14. Ne4 Nxe4
15. Bxe4 f6 16. Qh5 f5 17. Nxd6 Qxd6 18. Bf4 Qb4 19. Bxc6 Nf6 20. Qd1 Rac8 21.
Bf3 Qxb2 22. Rxe6 Rxc2 23. Bc1 Qxa1 24. Qxc2 Rc8 25. Rc6 Rxc6 26. Qxc6 Qxd4 27.
Qa8+ Kf7 28. Qxa7+ Nd7 29. Qxa6 Ne5 30. Qe2 Qc3 31. Be3 Qa1+ 32. Kg2 Qb1 33.
Bd5+ Kg6 34. Bd4 Nd7 35. Qe8+ 1-0

[Event "31. Torneo San Viator 2019 - Grupo B"]
[Site "Madrid ESP"]
[Date "2019.10.13"]
[Round "5.11"]
[White "Duran Andres, Rodrigo"]
[Black "Navas Marin, Felix"]
[Result "1-0"]
[WhiteElo "1460"]
[BlackElo "1466"]
[PlyCount "101"]
[EventDate "2019.09.08"]
[EventType "swiss"]
[EventRounds "9"]
[EventCountry "ESP"]
[SourceTitle "Ajedrez en Madrid"]
[Source "lmi"]
[SourceDate "2019.09.08"]
[SourceVersion "1"]
[SourceVersionDate "2019.10.29"]
[SourceQuality "1"]

1. e4 c6 2. Nc3 d5 3. exd5 cxd5 4. d4 Nf6 5. Nf3 e6 6. Bb5+ Bd7 7. Bd3 a6 8.
O-O Be7 9. Ne5 O-O 10. Bg5 h6 11. Bd2 Qb6 12. Qf3 Qxd4 13. Rfe1 Nc6 14. Nxd7
Nxd7 15. Qg3 Qf6 16. Re3 Nde5 17. Rae1 Nxd3 18. Rxd3 Qh4 19. Qc7 Bc5 20. Re2
Qe7 21. Qg3 Bd6 22. Qh3 Qf6 23. Rf3 Qg6 24. Bf4 Bxf4 25. Rxf4 Qg5 26. Qe3 e5
27. Rf3 Qxe3 28. fxe3 d4 29. Nd5 Rad8 30. e4 g6 31. Nf6+ Kg7 32. a3 h5 33. g4
hxg4 34. Nxg4 f5 35. exf5 Rde8 36. f6+ Kf7 37. Rb3 b5 38. a4 b4 39. Rh3 Rh8 40.
Nxe5+ Nxe5 41. Rxh8 Rxh8 42. Rxe5 Kxf6 43. Rd5 Rc8 44. Rxd4 a5 45. Rd2 Rc5 46.
Kf2 Rf5+ 47. Ke3 g5 48. Rf2 Rf4 49. Rxf4+ gxf4+ 50. Kf3 Kf5 51. c3 1-0

[Event "31. Torneo San Viator 2019 - Grupo B"]
[Site "Madrid ESP"]
[Date "2019.10.13"]
[Round "5.12"]
[White "Martinez Martinez, Javier II"]
[Black "Menendez Domes, Juan"]
[Result "1-0"]
[WhiteElo "1558"]
[BlackElo "1437"]
[PlyCount "75"]
[EventDate "2019.09.08"]
[EventType "swiss"]
[EventRounds "9"]
[EventCountry "ESP"]
[SourceTitle "Ajedrez en Madrid"]
[Source "lmi"]
[SourceDate "2019.09.08"]
[SourceVersion "1"]
[SourceVersionDate "2019.10.29"]
[SourceQuality "1"]

1. d4 Nf6 2. Nf3 d5 3. e3 e6 4. Bd3 Nc6 5. O-O Bd6 6. Nbd2 Qe7 7. c4 Nb4 8. Be2
c5 9. a3 Nc6 10. dxc5 Bxc5 11. b4 Bd6 12. c5 Bc7 13. Bb2 b6 14. Rc1 Bb7 15.
cxb6 Bxb6 16. Bb5 Rc8 17. Ne5 Qd6 18. Qa4 Nd7 19. Bxc6 Bxc6 20. Rxc6 Rxc6 21.
Nxc6 Bc7 22. Nf3 O-O 23. b5 f6 24. Qb4 Nc5 25. Rc1 Nd3 26. Qxd6 Bxd6 27. Rc2
Nxb2 28. Rxb2 Bxa3 29. Ra2 Bc5 30. Rc2 Bb6 31. Kf1 Rf7 32. Nfd4 e5 33. Ne6 h6
34. Ke2 Rd7 35. Nc5 Rc7 36. Na4 Ba5 37. Kd1 Kf8 38. Nxa5 1-0

[Event "31. Torneo San Viator 2019 - Grupo B"]
[Site "Madrid ESP"]
[Date "2019.10.13"]
[Round "5.13"]
[White "Benitez Cadenas, Luis Miguel"]
[Black "Collado Alcolado, Angel"]
[Result "0-1"]
[WhiteElo "1535"]
[BlackElo "1227"]
[PlyCount "50"]
[EventDate "2019.09.08"]
[EventType "swiss"]
[EventRounds "9"]
[EventCountry "ESP"]
[SourceTitle "Ajedrez en Madrid"]
[Source "lmi"]
[SourceDate "2019.09.08"]
[SourceVersion "1"]
[SourceVersionDate "2019.10.29"]
[SourceQuality "1"]

1. d4 d5 2. Nf3 Nf6 3. e3 Bf5 4. c4 e6 5. Qb3 Qc8 6. Nc3 c6 7. Bd2 Nbd7 8. Rc1
dxc4 9. Bxc4 Nb6 10. Be2 h6 11. O-O Be7 12. Nb5 Qd8 13. Ba5 cxb5 14. Bxb5+ Kf8
15. Ne5 Qd5 16. Nc4 Nxc4 17. Rxc4 a6 18. Bc6 bxc6 19. Qb7 Qxc4 20. Qxa8+ Ne8
21. b3 Qb5 22. Bd2 Ba3 23. Bc1 Bxc1 24. Rxc1 Be4 25. f3 Qe2 0-1

[Event "31. Torneo San Viator 2019 - Grupo B"]
[Site "Madrid ESP"]
[Date "2019.10.13"]
[Round "5.14"]
[White "Lopez Ochoa, Arsenio"]
[Black "Castro Uceda, Jose Antonio"]
[Result "1-0"]
[WhiteElo "1194"]
[BlackElo "1518"]
[PlyCount "43"]
[EventDate "2019.09.08"]
[EventType "swiss"]
[EventRounds "9"]
[EventCountry "ESP"]
[SourceTitle "Ajedrez en Madrid"]
[Source "lmi"]
[SourceDate "2019.09.08"]
[SourceVersion "1"]
[SourceVersionDate "2019.10.29"]
[SourceQuality "1"]

1. d4 Nf6 2. Nf3 d5 3. Bf4 e6 4. e3 Bd6 5. Bg3 Bxg3 6. hxg3 h6 7. Bd3 c6 8.
Nbd2 Nbd7 9. c3 Qc7 10. Qc2 e5 11. e4 dxe4 12. Nxe4 Nxe4 13. Bxe4 exd4 14. Nxd4
Nf6 15. O-O-O O-O 16. Bf5 Qb6 17. Qd2 Bxf5 18. Nxf5 Nh7 19. Nxh6+ Kh8 20. Nf5
Rfe8 21. Qg5 Rg8 22. Qh5 1-0